El Resumen documental (Record no. 9463)

MARC details
000 -LEADER
campo de control de longitud fija 00896nam a2200277 i 4500
001 - NÚMERO DE CONTROL
campo de control 9463
003 - IDENTIFICADOR DE NÚMERO DE CONTROL
campo de control ES-MaACL
005 - FECHA Y HORA DE LA ÚLTIMA TRANSACCIÓN
campo de control 20250824201529.0
007 - CAMPO FIJO DE DESCRIPCIÓN FÍSICA--INFORMACIÓN GENERAL
campo de control de longitud fija t|
008 - DATOS DE LONGITUD FIJA--INFORMACIÓN GENERAL
campo de control de longitud fija 930914s1992 sp ||||1| spa d
020 ## - NÚMERO INTERNACIONAL ESTÁNDAR DEL LIBRO
Número Internacional Estándar del Libro 84-86168-70-8 (FGSR)
020 ## - NÚMERO INTERNACIONAL ESTÁNDAR DEL LIBRO
Número Internacional Estándar del Libro 84-368-0695-6 (Pirámide)
080 ## - NÚMERO DE LA CLASIFICACIÓN DECIMAL UNIVERSAL
Número de la Clasificación Decimal Universal 025.4
100 1# - ENTRADA PRINCIPAL--NOMBRE DE PERSONA
Nombre de persona Pinto Molina, María.
9 (RLIN) 92233
245 13 - MENCIÓN DEL TÍTULO
Título El Resumen documental
Resto del título : principios y métodos /
Mención de responsabilidad, etc. María Pinto Molina.
260 ## - PUBLICACIÓN, DISTRIBUCIÓN, ETC.
Lugar de publicación, distribución, etc. Madrid ;
-- Salamanca :
Nombre del editor, distribuidor, etc. Fundación Germán Sánchez Ruipérez ;
Lugar de publicación, distribución, etc. Madrid :
Nombre del editor, distribuidor, etc. Pirámide,
Fecha de publicación, distribución, etc. D.L. 1992.
300 ## - DESCRIPCIÓN FÍSICA
Extensión 584 p. ;
Dimensiones 22 cm.
490 1# - MENCIÓN DE SERIE
Mención de serie Biblioteca del libro ;
Designación de volumen o secuencia Y
500 ## - NOTA GENERAL
Nota general Indices.
504 ## - NOTA DE BIBLIOGRAFÍA, ETC.
Nota de bibliografía, etc. Bibliografia: p. 379-398.
650 14 - PUNTO DE ACCESO ADICIONAL DE MATERIA--TÉRMINO DE MATERIA
Término de materia o nombre geográfico como elemento de entrada Resumen documental.
9 (RLIN) 16879
650 14 - PUNTO DE ACCESO ADICIONAL DE MATERIA--TÉRMINO DE MATERIA
Término de materia o nombre geográfico como elemento de entrada Análisis documental.
9 (RLIN) 9766
830 00 - PUNTO DE ACCESO ADICIONAL DE SERIE-TÍTULO UNIFORME
Título uniforme Biblioteca del libro
Designación de volumen o secuencia Y
9 (RLIN) 177916
852 ## - LOCALIZACIÓN
Ubicación ES-MaACL
Número de control de estantería L-16763
Sublocalización o colección R.121542
Holdings
Estatus retirado Estado de pérdida Estado de daño No para préstamo Biblioteca de origen Biblioteca actual Ubicación en estantería Fecha de adquisición Fuente de adquisición Total de préstamos Signatura topográfica completa Código de barras Visto por última vez Precio de reemplazo Tipo de ítem Koha
        Biblioteca del Ateneo de Madrid Biblioteca del Ateneo de Madrid Depósito 2 17/01/2008     L-16763 1009655 23/02/2023 23/02/2023 Libro impreso